[Event "NCL978b Simpsons-Wessex"]
[Site "Rd5"]
[Date "1998.01.24"]
[Round "5.6"]
[White "Simons, Martin"]
[Black "Chan, Nevil"]
[Result "1-0"]
[WhiteElo "2145"]
[BlackElo "2016"]
[PlyCount "75"]
[EventDate "1998.01.24"]
[Source "4NCL"]
[SourceDate "1998.01.01"]

1. e4 Nc6 2. d4 e5 3. Nf3 exd4 4. Bc4 Bc5 5. c3 d3 6. O-O d6 7. b4 Bb6 8. a4 a6
9. Qxd3 Bg4 10. Bg5 Nf6 11. Nbd2 O-O 12. Rfe1 Qe7 13. Bb3 h6 14. Be3 Bxe3 15.
Qxe3 Be6 16. Nd4 Nxd4 17. cxd4 Bxb3 18. Qxb3 Rfe8 19. Rac1 Qd7 20. Qc2 Re7 21.
f3 d5 22. e5 Ne8 23. Nf1 c6 24. Ne3 g6 25. f4 Ng7 26. Rf1 Nf5 27. Nxf5 gxf5 28.
a5 Kg7 29. Rf3 Qe6 30. Rcf1 Rg8 31. Rg3+ Kh7 32. Rxg8 Kxg8 33. Kh1 Kg7 34. g4
Re8 35. Qxf5 Qxf5 36. gxf5 Kh7 37. Kg2 f6 38. Kf3 {
(Incomplete score moves 34-39)} 1-0

[Event "NCL978b Simpsons-Wessex"]
[Site "Rd5"]
[Date "1998.01.24"]
[Round "5.7"]
[White "Martin, Barry"]
[Black "Brameld, Arthur"]
[Result "0-1"]
[WhiteElo "2010"]
[BlackElo "2072"]
[PlyCount "78"]
[EventDate "1998.01.24"]
[Source "4NCL"]
[SourceDate "1998.01.01"]

1. e4 Nf6 2. Nc3 d5 3. e5 Ne4 4. Nxe4 dxe4 5. b3 Qd4 6. Rb1 Qxe5 7. Bb2 Qd6 8.
g3 Bd7 9. Bg2 Bc6 10. Nh3 Nd7 11. O-O f6 12. Re1 e5 13. Re3 Qe6 14. Kh1 O-O-O
15. a4 Bc5 16. Re2 e3 17. dxe3 Qxh3 18. Bxc6 bxc6 19. Qd3 Nb6 20. Qa6+ Kb8 21.
a5 Qc8 22. Qxc8+ Nxc8 23. Bc3 a6 24. b4 Ba7 25. Be1 Nd6 26. Rb3 Kb7 27. Kg2 e4
28. c3 Nc4 29. h3 Rd1 30. g4 Rhd8 31. b5 cxb5 32. Rb4 Bc5 33. Rb3 R8d3 34. Kg3
g5 35. Kg2 Ra1 36. Kg3 Rdd1 37. Kg2 Rxe1 38. Rxe1 Rxe1 39. Kh2 Nd2 0-1

[Event "NCL978b Simpsons-Wessex"]
[Site "Rd5"]
[Date "1998.01.24"]
[Round "5.8"]
[White "Howard, Emily"]
[Black "Houska, Mario"]
[Result "1/2-1/2"]
[WhiteElo "2045"]
[BlackElo "1624"]
[PlyCount "49"]
[EventDate "1998.01.24"]
[Source "4NCL"]
[SourceDate "1998.01.01"]

1. e4 d5 2. exd5 Qxd5 3. Nc3 Qa5 4. d4 Nf6 5. Bc4 c6 6. Nge2 Bg4 7. f3 Bh5 8.
Bd2 Nbd7 9. Ng3 e6 10. Qe2 Bg6 11. Nce4 Qc7 12. c3 Be7 13. Bb3 a5 14. O-O O-O
15. f4 Nxe4 16. Nxe4 Nf6 17. Ng3 a4 18. Bc4 b5 {(Draw offer)} 19. Bd3 Bxd3 20.
Qxd3 c5 21. dxc5 Bxc5+ 22. Kh1 Rfd8 23. Qe2 Qd7 24. Rad1 Qd3 25. Bc1 1/2-1/2

[Event "NCL978b Guildford2-Barbican2"]
[Site "Rd5"]
[Date "1998.01.24"]
[Round "5.2"]
[White "Manley, Jon"]
[Black "James, Russell"]
[Result "1/2-1/2"]
[WhiteElo "2200"]
[BlackElo "2110"]
[PlyCount "39"]
[EventDate "1998.01.24"]
[Source "4NCL"]
[SourceDate "1998.01.01"]

1. e4 e5 2. Nc3 Nf6 3. Nf3 Nc6 4. Bb5 Bc5 5. Nxe5 O-O 6. Nxc6 dxc6 7. Be2 Qd4
8. O-O Nxe4 9. Nxe4 Qxe4 10. Bf3 Qh4 11. c3 Be6 12. d4 Rad8 13. Re1 Bd6 14. g3
Qf6 15. Bg2 Rfe8 16. Re3 Bd5 17. Qe2 Rxe3 18. Bxe3 Bxg2 19. Kxg2 Qe6 20. Qf3
1/2-1/2

[Event "NCL978b Guildford2-Barbican2"]
[Site "Rd5"]
[Date "1998.01.24"]
[Round "5.3"]
[White "Shepley, Julien"]
[Black "Twyble, Michael"]
[Result "0-1"]
[WhiteElo "2180"]
[BlackElo "2205"]
[PlyCount "68"]
[EventDate "1998.01.24"]
[Source "4NCL"]
[SourceDate "1998.01.01"]

1. Nc3 c5 2. e4 Nc6 3. Nge2 g6 4. g3 Bg7 5. Bg2 d6 6. O-O e6 7. d3 Nge7 8. Be3
Nd4 9. Nc1 O-O 10. Qd2 b6 11. Nd1 d5 12. c3 Ndc6 13. Bh6 dxe4 14. Bxg7 Kxg7 15.
Bxe4 Bb7 16. Ne3 f5 17. Bg2 Qd7 18. f4 Rad8 19. Qf2 e5 20. Nc4 exf4 21. Qxf4
Nd5 22. Qf3 b5 23. Qxd5 Qxd5 24. Bxd5 Rxd5 25. Ne3 Re5 26. Nc2 Rd8 27. a4 b4
28. a5 bxc3 29. bxc3 Ba6 30. Ne1 c4 31. dxc4 Bxc4 32. Nf3 Re3 33. Rf2 Rd1+ 34.
Kg2 Bd5 0-1

[Event "NCL978b Guildford2-Barbican2"]
[Site "Rd5"]
[Date "1998.01.24"]
[Round "5.4"]
[White "Reuben, Stewart"]
[Black "Singleton, Michael"]
[Result "1-0"]
[WhiteElo "2230"]
[BlackElo "2080"]
[PlyCount "69"]
[EventDate "1998.01.24"]
[Source "4NCL"]
[SourceDate "1998.01.01"]

1. c4 Nf6 2. Nc3 e5 3. g3 Bb4 4. Bg2 O-O 5. d3 Nc6 6. Bd2 a5 7. e3 d6 8. Nge2
Be6 9. a3 Bc5 10. Nd5 Bxd5 11. cxd5 Ne7 12. Qb3 c6 13. dxc6 bxc6 14. O-O Rb8
15. Qc2 Qb6 16. Rab1 Ned5 17. d4 exd4 18. exd4 Bxd4 19. Nxd4 Qxd4 20. Bxa5 Rb5
21. b4 Nc3 22. Rbc1 Nfe4 23. Bxe4 Nxe4 24. Qxc6 Nd2 25. Qxb5 Nf3+ 26. Kh1 Qe4
27. Qc4 Qf5 28. Qf4 Qd5 29. Rfd1 Qb7 30. Rc3 Ng5+ 31. f3 Nh3 32. Qd4 Re8 33.
Qd5 Qd7 34. Rc7 Nf2+ 35. Kg1 1-0

[Event "NCL978b Guildford2-Barbican2"]
[Site "Rd5"]
[Date "1998.01.24"]
[Round "5.5"]
[White "Punnett, Alan"]
[Black "Williamson, Paul"]
[Result "1/2-1/2"]
[WhiteElo "2100"]
[BlackElo "2160"]
[PlyCount "99"]
[EventDate "1998.01.24"]
[Source "4NCL"]
[SourceDate "1998.01.01"]

1. d4 Nf6 2. c4 g6 3. Nc3 d5 4. Nf3 Bg7 5. Qb3 dxc4 6. Qxc4 O-O 7. e4 c6 8. a4
Na6 9. h3 Be6 10. Qe2 Nb4 11. Be3 Bb3 12. Rc1 Qa5 13. Nd2 Be6 14. Qf3 Na2 15.
Nxa2 Bxa2 16. Bd3 Be6 17. Bc4 Bxc4 18. Rxc4 Nd7 19. O-O Nb6 20. Nb3 Qa6 21. Rb4
Nxa4 22. Ra1 b5 23. Nc5 Qa5 24. Bd2 Qd8 25. Nxa4 bxa4 26. Bc3 c5 27. dxc5 Qc7
28. Bxg7 Kxg7 29. Qc3+ Kg8 30. Rbxa4 Rfd8 31. Rd4 Rxd4 32. Qxd4 Rb8 33. Rd1 Rb5
34. Rc1 Rb8 35. c6 Rd8 36. Qc4 a5 37. g3 Rb8 38. Rc2 Kg7 39. Qd4+ e5 40. Qd7
Qxd7 41. cxd7 Rd8 42. Rc7 Kf6 43. Ra7 Ke6 44. Kg2 Rxd7 45. Rxa5 Rb7 46. Ra6+
Ke7 47. Ra2 Rb3 48. g4 g5 49. Ra5 Kf6 50. Ra6+ 1/2-1/2

[Event "NCL978b Guildford2-Barbican2"]
[Site "Rd5"]
[Date "1998.01.24"]
[Round "5.6"]
[White "Tucker, Alex"]
[Black "Erichsen, D."]
[Result "1-0"]
[WhiteElo "2210"]
[BlackElo "1872"]
[PlyCount "83"]
[EventDate "1998.01.24"]
[Source "4NCL"]
[SourceDate "1998.01.01"]

1. d4 Nf6 2. c4 g6 3. Nc3 d5 4. cxd5 Nxd5 5. Na4 Nf6 6. Nf3 Bg7 7. e3 O-O 8.
Be2 c6 9. O-O Nbd7 10. Qc2 Nb6 11. Nc5 Qc7 12. Bd2 Re8 13. Rac1 Bg4 14. b4 Rac8
15. Qb3 Bxf3 16. Bxf3 e5 17. dxe5 Rxe5 18. e4 g5 19. Bc3 Ree8 20. g3 Nbd7 21.
Nxd7 Qxd7 22. Qb2 Qe6 23. Rce1 Rcd8 24. Bg2 Rd3 25. f4 gxf4 26. gxf4 Red8 27.
f5 Qe7 28. e5 Nd5 29. Bxd5 Qg5+ 30. Bg2 Rd2 31. Bxd2 Rxd2 32. Qxd2 Qxd2 33. e6
Be5 34. e7 Qd7 35. f6 h6 36. Kh1 Qe6 37. Rd1 Bxf6 38. Rd8+ Kg7 39. e8=Q Bxd8
40. Qxd8 Qxa2 41. Qf6+ Kg8 42. Rd1 1-0

[Event "NCL978b Guildford2-Barbican2"]
[Site "Rd5"]
[Date "1998.01.24"]
[Round "5.8"]
[White "Kieran, Rosalind"]
[Black "Lusher, Claire"]
[Result "0-1"]
[WhiteElo "1824"]
[BlackElo "1784"]
[PlyCount "90"]
[EventDate "1998.01.24"]
[Source "4NCL"]
[SourceDate "1998.01.01"]

1. e4 e5 2. Nf3 Nc6 3. Bc4 d6 4. c3 h6 5. O-O Nf6 6. Re1 Be7 7. h3 O-O 8. d4
exd4 9. cxd4 d5 10. exd5 Nxd5 11. Nc3 Be6 12. Qe2 Bf6 13. Rd1 Re8 14. Qf1 a6
15. Ne4 Na5 16. Nxf6+ Qxf6 17. Be2 Nc6 18. Bc4 Rad8 19. Be2 Ndb4 20. Be3 Nc2
21. Rac1 Nxe3 22. fxe3 Bxa2 23. Qf2 Re7 24. Rc3 Bd5 25. Qe1 Rde8 26. Qd2 Qd6
27. Re1 Qb4 28. Qc1 Bxf3 29. Rc4 Qb6 30. Bxf3 Nxd4 31. Bg4 Nb3 32. Qd1 Rxe3 33.
Rxe3 Qxe3+ 34. Kh1 Qg3 35. Be2 Na5 36. Rg4 Qe5 37. Bd3 Qe1+ 38. Qxe1 Rxe1+ 39.
Kh2 Nc6 40. Rf4 Re7 41. Rf2 Nd4 42. Rd2 c5 43. Bc4 b5 44. Ba2 Kf8 45. Kg1 Re2
0-1

[Event "NCL978b Invicta2-Nidum Kts"]
[Site "Rd5"]
[Date "1998.01.24"]
[Round "5.1"]
[White "Vigus, James"]
[Black "Williams, Leighton"]
[Result "1-0"]
[WhiteElo "2260"]
[BlackElo "2240"]
[PlyCount "83"]
[EventDate "1998.01.24"]
[Source "4NCL"]
[SourceDate "1998.01.01"]

1. d4 Nf6 2. Bg5 e6 3. e4 c5 4. e5 h6 5. Bc1 Nd5 6. c4 Nb6 7. dxc5 Bxc5 8. Qg4
Kf8 9. Nf3 d6 10. Bf4 Nc6 11. Nc3 dxe5 12. Nxe5 Qd4 13. Qg3 g5 14. Be3 Qxe5 15.
Qxe5 Nxe5 16. Bxc5+ Kg7 17. Bd4 Nbd7 18. Nb5 b6 19. O-O-O a6 20. Nd6 a5 21. Be2
f6 22. Rhe1 Ba6 23. Bf1 Ra7 24. b3 Rc7 25. Kb2 a4 26. g3 Bb7 27. Nxb7 Rxb7 28.
Bg2 Rc7 29. Re4 g4 30. Bc3 Rhc8 31. Rd6 b5 32. Rxe6 Kf7 33. Rd6 bxc4 34. b4
Nd3+ 35. Kc2 N7e5 36. a3 Rb8 37. Bxe5 Nxe5 38. Rf4 Nd7 39. Rxg4 Rb5 40. Bc6 Ne5
41. Bxb5 Nxg4 42. Rd7+ 1-0

[Event "NCL978b Invicta2-Nidum Kts"]
[Site "Rd5"]
[Date "1998.01.24"]
[Round "5.2"]
[White "Walsh, Chris"]
[Black "Hanreck, Alan"]
[Result "0-1"]
[WhiteElo "2190"]
[BlackElo "2255"]
[PlyCount "94"]
[EventDate "1998.01.24"]
[Source "4NCL"]
[SourceDate "1998.01.01"]

1. e4 c5 2. Nf3 d6 3. d4 cxd4 4. Nxd4 Nf6 5. Nc3 a6 6. Be2 e5 7. Nb3 Be7 8. O-O
O-O 9. Be3 Be6 10. Qd2 Nbd7 11. a4 Rc8 12. Bf3 Re8 13. Rfd1 Bf8 14. a5 Qc7 15.
Nc1 b5 16. axb6 Nxb6 17. Be2 Nc4 18. Bxc4 Bxc4 19. Nb3 h6 20. Na5 Be6 21. Qd3
Rb8 22. Nd5 Bxd5 23. exd5 Rb5 24. Nc6 Rxd5 25. Qxa6 Rxd1+ 26. Rxd1 d5 27. b4 d4
28. Bd2 Re6 29. b5 e4 30. Qa4 Ng4 31. g3 Rf6 32. Be1 e3 33. f4 Bc5 34. Qc4 Qb6
35. Qe2 h5 36. h3 Nh6 37. c3 dxc3 38. Bxc3 Rg6 39. Be1 Nf5 40. g4 hxg4 41. hxg4
Rxg4+ 42. Qxg4 e2+ 43. Kh2 exd1=Q 44. Qxd1 Qxb5 45. Qf3 Qb2+ 46. Qg2 Qf6 47.
Qf3 Be3 0-1

[Event "NCL978b Invicta2-Nidum Kts"]
[Site "Rd5"]
[Date "1998.01.24"]
[Round "5.3"]
[White "Alfred, Nathan"]
[Black "Long, Matthew"]
[Result "1-0"]
[WhiteElo "2225"]
[BlackElo "2180"]
[PlyCount "49"]
[EventDate "1998.01.24"]
[Source "4NCL"]
[SourceDate "1998.01.01"]

1. e4 e6 2. d4 d5 3. Nc3 Bb4 4. e5 Qd7 5. Qg4 f5 6. Qg3 b6 7. Nge2 Ba6 8. Bd2
Nc6 9. O-O-O O-O-O 10. a3 Bf8 11. h4 Kb8 12. Bg5 Rc8 13. Kb1 Na5 14. Nc1 Bxf1
15. Rhxf1 c5 16. dxc5 bxc5 17. Nxd5 Qb7 18. Nc3 Nc4 19. Na4 Ka8 20. Ka2 h6 21.
Bf4 Ne7 22. b3 g5 23. hxg5 hxg5 24. Bxg5 Qa6 25. Qd3 1-0

[Event "NCL978b Invicta2-Nidum Kts"]
[Site "Rd5"]
[Date "1998.01.24"]
[Round "5.4"]
[White "Johnston, Dafydd"]
[Black "Farndon, David"]
[Result "1/2-1/2"]
[WhiteElo "2100"]
[BlackElo "2250"]
[PlyCount "80"]
[EventDate "1998.01.24"]
[Source "4NCL"]
[SourceDate "1998.01.01"]

1. e4 c5 2. Nf3 Nc6 3. d4 cxd4 4. Nxd4 Nf6 5. Nc3 d6 6. Bc4 e6 7. Be3 a6 8. Qe2
Bd7 9. O-O-O Rc8 10. f4 Na5 11. Bd3 e5 12. Nf5 Rxc3 13. bxc3 Qc7 14. Qd2 Be6
15. Kb1 Nc4 16. Bxc4 Qxc4 17. Nxd6+ Bxd6 18. Qxd6 Qxa2+ 19. Kc1 Qa1+ 20. Kd2
Nxe4+ 21. Ke1 Qxc3+ 22. Bd2 Qxd2+ 23. Qxd2 Nxd2 24. Rxd2 exf4 25. Rf2 g5 26. h4
f6 27. hxg5 fxg5 28. Rh6 Bd5 29. Re2+ Kf7 30. Re5 Bxg2 31. Rxg5 Be4 32. Rg4
Bxc2 33. Rxf4+ Kg7 34. Rb6 Re8+ 35. Kd2 Be4 36. Rg4+ Kf7 37. Rf4+ Kg7 38. Rg4+
Kf7 39. Rf4+ Kg7 40. Rg4+ Kh8 1/2-1/2

[Event "NCL978b Invicta2-Nidum Kts"]
[Site "Rd5"]
[Date "1998.01.24"]
[Round "5.5"]
[White "Bibby, Simon"]
[Black "Jones, Richard S"]
[Result "1/2-1/2"]
[WhiteElo "2205"]
[BlackElo "2045"]
[PlyCount "103"]
[EventDate "1998.01.24"]
[Source "4NCL"]
[SourceDate "1998.01.01"]

1. e4 c5 2. c3 d5 3. exd5 Qxd5 4. Nf3 Nf6 5. d4 e6 6. Na3 cxd4 7. Nb5 Qd8 8.
Qxd4 Qxd4 9. Nfxd4 Na6 10. Bf4 Bc5 11. Nb3 Bb6 12. Bd6 Ne4 13. Ba3 Bxf2+ 14.
Ke2 Bd7 15. Nd6+ Nxd6 16. Kxf2 Nb5 17. Bxb5 Bxb5 18. Rhd1 Bd7 19. Na5 O-O-O 20.
Nc4 Bc6 21. b4 Nc7 22. Nd6+ Rxd6 23. Rxd6 Nb5 24. Rxc6+ bxc6 25. Bb2 Rd8 26.
Re1 Rd2+ 27. Re2 Rxe2+ 28. Kxe2 Nd6 29. c4 Nxc4 30. Bxg7 Kd7 31. Kd3 Nb6 32.
Kd4 Nd5 33. Bf8 f6 34. a4 e5+ 35. Kc5 Nc7 36. Bh6 Ne6+ 37. Kc4 a6 38. g4 Kd6
39. Bd2 Ng5 40. Be3 Nf3 41. h3 Ng5 42. h4 Ne6 43. Bf2 Ke7 44. b5 axb5+ 45. axb5
cxb5+ 46. Kxb5 Kf7 47. Kc6 Kg6 48. Kd5 Nf4+ 49. Ke4 h5 50. gxh5+ Nxh5 51. Be1
Ng7 52. Bc3 1/2-1/2

[Event "NCL978b Invicta2-Nidum Kts"]
[Site "Rd5"]
[Date "1998.01.24"]
[Round "5.6"]
[White "Musson, Adam"]
[Black "Griffiths, Paul V"]
[Result "1/2-1/2"]
[WhiteElo "2110"]
[BlackElo "2230"]
[PlyCount "130"]
[EventDate "1998.01.24"]
[Source "4NCL"]
[SourceDate "1998.01.01"]

1. d4 Nf6 2. c4 e6 3. Nc3 Bb4 4. e3 O-O 5. Bd3 d5 6. cxd5 exd5 7. Nge2 Re8 8.
Qc2 Nc6 9. a3 Bd6 10. h3 a6 11. g4 g6 12. Bd2 Bd7 13. g5 Nh5 14. Nxd5 Qxg5 15.
e4 Qh4 16. O-O-O Ne7 17. Ne3 c5 18. Nc4 Bf4 19. dxc5 Bxd2+ 20. Rxd2 Qxf2 21.
Nb6 Rad8 22. b4 Be6 23. Nc4 Bxc4 24. Qxc4 Nc6 25. Nc3 Qd4 26. Rf1 Ne5 27. Qxd4
Rxd4 28. Bc2 Rxd2 29. Kxd2 Kg7 30. Bb3 Nf6 31. Ke3 Nc6 32. Kd3 Re7 33. Nd5 Re6
34. Nc3 Re7 35. Ke3 Re8 36. Rd1 Re7 37. Bd5 Ne5 38. Kd4 Nf3+ 39. Kc4 Ng5 40.
Kd4 Nxh3 41. a4 Ng5 42. b5 axb5 43. axb5 Nf3+ 44. Kc4 Ne5+ 45. Kb4 Rc7 46. b6
Re7 47. Kb5 Nfd7 48. Na4 Nb8 49. Nc3 Nbc6 50. Bxc6 Nxc6 51. Rd6 Nb8 52. Rd8 Nc6
53. Rc8 Nd4+ 54. Kc4 Nc6 55. Rc7 Re8 56. Kd3 Na5 57. Nb5 Rd8+ 58. Nd6 Kf6 59.
Kc3 Rb8 60. Rxf7+ Ke6 61. Rxh7 Nc6 62. Nxb7 Ne5 63. Nd6 Nd7 64. c6 Rxb6 65.
cxd7 Rxd6 1/2-1/2

[Event "NCL978b Invicta2-Nidum Kts"]
[Site "Rd5"]
[Date "1998.01.24"]
[Round "5.7"]
[White "Fenn, Paul"]
[Black "Cleveland, Richard"]
[Result "1-0"]
[WhiteElo "2065"]
[BlackElo "2045"]
[PlyCount "77"]
[EventDate "1998.01.24"]
[Source "4NCL"]
[SourceDate "1998.01.01"]

1. e4 Nc6 2. d4 d5 3. Nc3 dxe4 4. d5 Ne5 5. Bf4 Ng6 6. Bg3 f5 7. Nh3 a6 8. Bc4
Nf6 9. Qd2 c5 10. a4 Nh5 11. O-O-O Nxg3 12. hxg3 Ne5 13. Ba2 Qd6 14. Ng5 h6 15.
Qe2 g6 16. Ne6 h5 17. Rhe1 Bh6+ 18. Kb1 Ng4 19. f3 Ne3 20. fxe4 Nxd1 21. Rxd1
Qe5 22. Nxc5 b6 23. Nd3 Qxg3 24. e5 Qe3 25. Qf1 Bg7 26. Re1 Qg5 27. d6 e6 28.
Qf3 Rb8 29. Nf4 Qg4 30. Qc6+ Bd7 31. Qc4 Rc8 32. Qf1 Bh6 33. Nxe6 Bxe6 34. Bxe6
Rb8 35. Qc4 Qxc4 36. Bxc4 Kd7 37. Bxa6 Ra8 38. Bb5+ Kd8 39. e6 {time} 1-0

[Event "NCL978b Invicta2-Nidum Kts"]
[Site "Rd5"]
[Date "1998.01.24"]
[Round "5.8"]
[White "Wilson, Julie"]
[Black "Richards, Heather"]
[Result "0-1"]
[WhiteElo "1728"]
[BlackElo "1880"]
[PlyCount "112"]
[EventDate "1998.01.24"]
[Source "4NCL"]
[SourceDate "1998.01.01"]

1. d4 e6 2. c4 Bb4+ 3. Bd2 a5 4. a3 Bxd2+ 5. Nxd2 Nc6 6. Ngf3 d6 7. e4 e5 8. d5
Nb8 9. Be2 Nf6 10. O-O O-O 11. c5 Nbd7 12. cxd6 cxd6 13. Rc1 Nc5 14. Qc2 a4 15.
Bc4 Bd7 16. Ne1 Rc8 17. Qb1 Nh5 18. b4 axb3 19. Nxb3 Nxb3 20. Qxb3 b5 21. Nd3
bxc4 22. Rxc4 Rxc4 23. Qxc4 Qa5 24. Qb3 Qa4 25. Qxa4 Bxa4 26. Nb2 Bc2 27. f3
Nf4 28. Rf2 Bb3 29. Rd2 f5 30. g3 Ng6 31. Rd3 Ba2 32. a4 fxe4 33. fxe4 Rb8 34.
Nd1 Rb1 35. Kf2 Bc4 36. Rd2 Ra1 37. Nc3 Rf1+ 38. Ke3 Rc1 39. Nd1 Bb3 40. Nb2
Ra1 41. Rd3 Bxa4 42. Rc3 Re1+ 43. Kf3 Bb5 44. Rc8+ Kf7 45. Rb8 Rf1+ 46. Ke3 Bd7
47. Nc4 Ke7 48. Rb7 Rf6 49. Nb6 Nf8 50. h4 Kd8 51. Ra7 h6 52. Nc4 g5 53. hxg5
hxg5 54. Ra6 Ke7 55. Ke2 Bb5 56. Ra7+ Nd7 0-1

[Event "NCL978b Coulsdon-Kings Head"]
[Site "Rd5"]
[Date "1998.01.24"]
[Round "5.1"]
[White "Wilson, Jon"]
[Black "Thomas, Richard"]
[Result "1/2-1/2"]
[WhiteElo "2315"]
[BlackElo "2310"]
[PlyCount "42"]
[EventDate "1998.01.24"]
[Source "4NCL"]
[SourceDate "1998.01.01"]

1. d4 d5 2. c4 c6 3. Nc3 Nf6 4. e3 Bf5 5. cxd5 Nxd5 6. Qb3 Qb6 7. Nxd5 Qxb3 8.
axb3 cxd5 9. Bd2 e6 10. Bb5+ Nc6 11. Nf3 Bd6 12. O-O Ke7 13. Rfc1 Rhc8 14. Nh4
Bg6 15. Nxg6+ hxg6 16. Ra4 a6 17. Bd3 a5 18. Bxa5 Nxa5 19. Rxc8 Rxc8 20. Rxa5
Rc1+ 21. Bf1 Kd7 1/2-1/2

[Event "NCL978b Coulsdon-Kings Head"]
[Site "Rd5"]
[Date "1998.01.24"]
[Round "5.2"]
[White "McMichael, Rick"]
[Black "Rosen, Daniel"]
[Result "1-0"]
[WhiteElo "2200"]
[BlackElo "2225"]
[PlyCount "61"]
[EventDate "1998.01.24"]
[Source "4NCL"]
[SourceDate "1998.01.01"]

1. b3 e5 2. Bb2 d6 3. e3 f5 4. c4 Nf6 5. d4 e4 6. Nc3 d5 7. Nh3 Be6 8. Nf4 Bf7
9. cxd5 Nxd5 10. Nfxd5 Bxd5 11. Nxd5 Qxd5 12. Bc4 Qa5+ 13. Kf1 Nd7 14. a3 O-O-O
15. b4 Qb6 16. g3 Qh6 17. h4 Bd6 18. Ke2 Kb8 19. Kd2 Nf6 20. Qe2 Ng4 21. Kc2
Be7 22. Rac1 Qb6 23. Kb1 Nf6 24. d5 Nxd5 25. Bxg7 Rhg8 26. Be5 Bf6 27. Bxd5
Bxe5 28. Bxg8 Rxg8 29. Qc4 Rc8 30. Rhd1 a5 31. Rd5 1-0

[Event "NCL978b Coulsdon-Kings Head"]
[Site "Rd5"]
[Date "1998.01.24"]
[Round "5.3"]
[White "Hammond, Andy"]
[Black "O'Shaughnessy, Conor"]
[Result "1/2-1/2"]
[WhiteElo "2200"]
[BlackElo "2210"]
[PlyCount "35"]
[EventDate "1998.01.24"]
[Source "4NCL"]
[SourceDate "1998.01.01"]

1. d4 Nf6 2. Nf3 e6 3. Bg5 c5 4. e3 h6 5. Bh4 Nc6 6. Nbd2 Be7 7. c3 b6 8. Bb5
Bb7 9. O-O O-O 10. Re1 Rc8 11. dxc5 bxc5 12. Qa4 d5 13. Rad1 Qb6 14. e4 Nxe4
15. Nxe4 Bxh4 16. Nd6 Bf6 17. Nxc8 Rxc8 18. Bf1 1/2-1/2

[Event "NCL978b Coulsdon-Kings Head"]
[Site "Rd5"]
[Date "1998.01.24"]
[Round "5.4"]
[White "Okike, David"]
[Black "Moore, Gerald"]
[Result "1-0"]
[WhiteElo "2150"]
[BlackElo "2215"]
[PlyCount "39"]
[EventDate "1998.01.24"]
[Source "4NCL"]
[SourceDate "1998.01.01"]

1. e4 c5 2. Nf3 e6 3. Nc3 d6 4. d4 cxd4 5. Nxd4 Nf6 6. f4 Nc6 7. Nb3 Be7 8. Qf3
a5 9. Bb5 O-O 10. Be3 Nb4 11. O-O-O a4 12. Bxa4 Nxa2+ 13. Nxa2 Rxa4 14. Nc3 Ra6
15. e5 Ne8 16. Rd3 Qc7 17. Bd4 Bd7 18. Qh5 g6 19. exd6 Bxd6 20. Qxh7+ 1-0

[Event "NCL978b Coulsdon-Kings Head"]
[Site "Rd5"]
[Date "1998.01.24"]
[Round "5.5"]
[White "Gunter, David"]
[Black "Gilfillan, Andrew"]
[Result "0-1"]
[WhiteElo "2185"]
[BlackElo "2096"]
[PlyCount "74"]
[EventDate "1998.01.24"]
[Source "4NCL"]
[SourceDate "1998.01.01"]

1. d4 d5 2. Bg5 f6 3. Bf4 Nc6 4. e3 e5 5. dxe5 fxe5 6. Bg3 Nf6 7. Bb5 Bd6 8. c4
a6 9. cxd5 axb5 10. dxc6 bxc6 11. Qc2 O-O 12. Nf3 Qe8 13. Nbd2 Ra4 14. O-O Kh8
15. Rfc1 c5 16. b3 Rg4 17. a4 e4 18. Ne1 Nd5 19. Nf1 b4 20. Rd1 Qf7 21. Rd2 Ba6
22. Qd1 Rg5 23. Bxd6 cxd6 24. Ng3 Nc3 25. Qc2 d5 26. Rc1 h5 27. f4 h4 28. Nh1
Rg4 29. Nf2 Rxf4 30. exf4 e3 31. Nf3 exd2 32. Qxd2 Ne2+ 33. Kh1 Nxc1 34. Qxc1
Qxf4 35. Qxc5 Re8 36. Qc6 Qe3 37. Qxa6 Qxf2 0-1

[Event "NCL978b Coulsdon-Kings Head"]
[Site "Rd5"]
[Date "1998.01.24"]
[Round "5.6"]
[White "Mackenzie, Colin"]
[Black "McGrath, J."]
[Result "1/2-1/2"]
[WhiteElo "2056"]
[BlackElo "2072"]
[PlyCount "70"]
[EventDate "1998.01.24"]
[Source "4NCL"]
[SourceDate "1998.01.01"]

1. Nf3 Nf6 2. c4 e6 3. g3 b6 4. Bg2 Bb7 5. O-O Be7 6. Nc3 O-O 7. Re1 c5 8. e4
d6 9. d4 cxd4 10. Nxd4 Qc8 11. Bg5 a6 12. Rc1 Nbd7 13. b4 Qc7 14. b5 a5 15. Na4
Rfd8 16. Nc6 Bxc6 17. bxc6 Ne5 18. Be3 Rab8 19. Qb3 Nxc4 20. Qxc4 b5 21. Qc2
bxa4 22. Qxa4 Rb4 23. Qc2 Rdb8 24. Bd2 R4b5 25. Qa4 Bd8 26. Bf1 Re5 27. f4 Rc5
28. Rxc5 dxc5 29. Bc3 Qb6 30. Kg2 Rc8 31. Bb5 Ne8 32. Rd1 Rb8 33. Bc4 Rc8 34.
Bb5 Rb8 35. Bc4 Rc8 1/2-1/2

[Event "NCL978b Coulsdon-Kings Head"]
[Site "Rd5"]
[Date "1998.01.24"]
[Round "5.7"]
[White "De Coverly, Roger"]
[Black "Compton, Alastair"]
[Result "0-1"]
[WhiteElo "2090"]
[BlackElo "1828"]
[PlyCount "96"]
[EventDate "1998.01.24"]
[Source "4NCL"]
[SourceDate "1998.01.01"]

1. e4 e6 2. d4 d5 3. Nd2 f5 4. e5 c5 5. Ngf3 Nc6 6. Bd3 Nge7 7. dxc5 Ng6 8. Nb3
Bxc5 9. Nxc5 Qa5+ 10. c3 Qxc5 11. Qe2 O-O 12. h4 d4 13. cxd4 Nxd4 14. Nxd4 Qxd4
15. Be3 Qb4+ 16. Kf1 Nxe5 17. a3 Qb3 18. Rd1 b6 19. Bd4 Nxd3 20. Rxd3 Qa4 21.
Qe5 Rf7 22. Kg1 Ba6 23. Rg3 Qd7 24. h5 Rd8 25. Rh4 Qc7 26. Qxe6 Kf8 27. h6 g6
28. Rc3 Qe7 29. Bg7+ Kg8 30. Qxe7 Rxe7 31. Rb4 Re1+ 32. Kh2 Re2 33. Ra4 Bb5 34.
Rxa7 Rd7 35. Ra8+ Kf7 36. Rcc8 Rdd2 37. Rf8+ Ke6 38. Rf6+ Ke7 39. Ra7+ Bd7 40.
Rxb6 Rxf2 41. Rbb7 Rxg2+ 42. Kh3 Rh2+ 43. Kg3 Rhg2+ 44. Kh3 Rge2 45. Bf8+ Kf6
46. Bd6 Re3+ 47. Bg3 f4+ 48. Rxd7 Rxg3+ 0-1

[Event "NCL978b White Rose-Wessex"]
[Site "Rd6"]
[Date "1998.01.25"]
[Round "6.1"]
[White "Dunnington, Angus"]
[Black "Rossiter, Philip"]
[Result "0-1"]
[WhiteElo "2390"]
[BlackElo "2370"]
[PlyCount "78"]
[EventDate "1998.01.25"]
[Source "4NCL"]
[SourceDate "1998.01.01"]

1. Nf3 Nf6 2. c4 b6 3. g3 Bb7 4. Bg2 e6 5. O-O Be7 6. Nc3 O-O 7. Re1 c5 8. e4
d6 9. d4 cxd4 10. Nxd4 Qc8 11. b3 a6 12. Bb2 Qc7 13. Rc1 Nbd7 14. f4 Rac8 15.
f5 e5 16. Nd5 Qd8 17. Nc2 Nxd5 18. cxd5 Bg5 19. Ne3 Rxc1 20. Bxc1 b5 21. Kh1
Qa5 22. Re2 Rc8 23. Nc4 Qd8 24. Bxg5 Qxg5 25. Ne3 a5 26. Qe1 b4 27. h4 Qd8 28.
Rc2 Rxc2 29. Nxc2 Qc7 30. Ne3 Ba6 31. Bf1 Bxf1 32. Qxf1 Qc3 33. Qe2 Nf6 34. Nc4
Qxg3 35. Nxd6 Ng4 36. Qg2 Qxh4+ 37. Kg1 Qe1+ 38. Qf1 Qe3+ 39. Kh1 Qh6+ 0-1

[Event "NCL978b White Rose-Wessex"]
[Site "Rd6"]
[Date "1998.01.25"]
[Round "6.2"]
[White "Corkett, Anthony"]
[Black "Dearing, Eddie"]
[Result "0-1"]
[WhiteElo "2295"]
[BlackElo "2295"]
[PlyCount "96"]
[EventDate "1998.01.25"]
[Source "4NCL"]
[SourceDate "1998.01.01"]

1. c4 e6 2. Nf3 d5 3. g3 c5 4. Bg2 Nf6 5. O-O Be7 6. b3 Nc6 7. Bb2 O-O 8. d3 b6
9. Nc3 Bb7 10. Rc1 d4 11. Nb1 Qc7 12. a3 Rad8 13. e4 dxe3 14. fxe3 e5 15. Qc2
h6 16. Nc3 Rfe8 17. Qe2 Bf8 18. e4 Nd4 19. Nxd4 exd4 20. Nb1 Bc8 21. Rce1 Ng4
22. Bc1 Bd6 23. h3 Ne3 24. Bxe3 dxe3 25. Qxe3 Bxg3 26. Rd1 Be5 27. Kh1 Re6 28.
Rf3 Rg6 29. Nd2 Qe7 30. Nf1 Qh4 31. Qe1 Qh5 32. Ne3 Rdd6 33. Nf5 Rxg2 34. Kxg2
Rg6+ 35. Kf2 Bxf5 36. Qh1 Be6 37. Rf1 Qg5 38. Ke2 Qg2+ 39. Qxg2 Rxg2+ 40. R1f2
Rg1 41. Rf1 Rxf1 42. Kxf1 Bb2 43. a4 a5 44. Kg2 g5 45. Kf1 Be5 46. Kg2 Kg7 47.
Rf1 h5 48. Rb1 h4 0-1